European Countries Containing E - Statistics

General Stats
  • This quiz has been taken 236 times
    176 since last reset
  • The average score is 21 of 23
Answer Stats
Answer % Correct
Iceland
98%
Ireland
98%
United Kingdom
98%
Belgium
97%
Denmark
97%
Germany
97%
Greece
97%
Belarus
95%
Czech Republic
95%
Estonia
95%
France
95%
Slovenia
95%
Sweden
94%
Netherlands
93%
Liechtenstein
92%
Switzerland
92%
Ukraine
92%
Macedonia
91%
Serbia
89%
Luxembourg
87%
Montenegro
87%
Bosnia and Herzegovina
86%
Turkey
68%
No matching quizzes found
Score Distribution
Percent of People with Each Score
Percentile by Number Answered
Your Score History
You have not taken this quiz since the last reset